00418nam a2200145Ia 4500003000400000008004100004040001600045082001700061100002500078245005500103260004900158300001000207650002600217650002900243GCL140319s9999 xx 000 0 eng d aGCL / cGCL04a944.082bC F1 aCOOK, MALCOLM (EDIT)10aFRENCH CULTURE SINCE 1945 / cCOOK, MALCOLM (EDIT) a[S.N] : bLONGMAN GROUP UK LIMITED ، c1993 a327 P04aFRANCE - CIVILIZATION04aFRANCE - CULTURAL POLICY